Plánovanie a manažment kariéry v podniku diplomová práca

Enregistré dans:
Détails bibliographiques
Auteur principal: Cucorová, Jana
Collectivité auteur: Fakulta podnikového manažmentu EU. Katedra manažmentu
Autres auteurs: Matulčíková, Marta, 1964-
Format: Livre
Langue:slovaque
Publié: Bratislava 2012
Tags: Ajouter un tag
Pas de tags, Soyez le premier à ajouter un tag!

MARC

LEADER 00000nbm a2200000 4500
001 0152438
005 20161109102037.3
041 0 |a slo 
044 |a SK 
245 1 0 |a Plánovanie a manažment kariéry v podniku  |b diplomová práca  |c Jana Cucorová ; školiteľ: Marta Matulčíková 
264 1 |a Bratislava  |c 2012 
300 |a 64 s. 
100 1 |a Cucorová, Jana 
700 1 |a Matulčíková, Marta, 1964- 
710 2 |a Fakulta podnikového manažmentu EU. Katedra manažmentu